000 00273nam a22001217a 4500
008 181107b xxu||||| |||| 00| 0 eng d
041 _aeng
080 _a610
100 _a4
101 _aSHM
245 _aPrinciples of Internal Medicine
_cHarrison,T.R
942 _2udc
_cBK
999 _c52135
_d52135